Memórias de Khrushchov (Record no. 46279)

MARC details
000 -Etiqueta do registo
Valores 01022cam a2200301 04500
010 ## - Número ISBN
ISBN 9726701562
021 ## - Número do Depósito Legal
Número 55739/92
100 ## - Dados gerais de processamento
Dados gerais 19930318d1992 m y0pory5003 ba
101 1# - Língua de publicação
Língua por
102 ## - País de publicação
País PT
200 1# - Titulo e menção de responsabilidade
Título próprio Memórias de Khrushchov
Informação de outro título as gravacões da Glasnost
Primeira menção de responsabilidade Nikita Khrushchov
Outras menções de responsabilidade pref. Strobe Talbott
-- estabelecimento do texto Jerrold L. Schecter, Vyacheslav V. Luchkov
-- trad. Saul Barata
210 #9 - Publicação
Local de publicação Lisboa
Nome do editor Editorial Inquérito,
Data de publicação D.L. 1992
215 ## - Descrição física 
Paginação / Volumes 272 p.
Outras indicações físicas il.
Dimensões 23 cm
225 2# - Colecção 
Título próprio da colecção Diversos
304 ## - Nota relativa ao título
Texto de nota Tít. orig.: Khrushchev remembers
600 #1 - Nome de pessoa usado como assunto
Apelido Khrushchov,
Nome Nikita,
Datas 1894-1971
675 ## - CDU
Notação 821.161.1-94"19"
Edição BN
Língua por
675 ## - CDU
Notação 929Khrushchov, Nikita
Edição BN
Língua por
675 ## - CDU
Notação 32Khrushchov, Nikita
Edição BN
Língua por
700 #1 - Autor principal
Apelido Khrushchov,
Nome Nikita,
Datas 1894-1971
702 #1 - Autor secundário
Apelido Talbott,
Nome Strobe
Função 080
702 #1 - Autor secundário
Apelido Schecter,
Nome Jerrold L.
Função 340
702 #1 - Autor secundário
Apelido Luchkov,
Nome Vyacheslav V.
Função 340
702 #1 - Autor secundário
Apelido Barata,
Nome Saúl Dias
Função 730
801 #0 - Fonte de origem
País PT
Agência BN
Regras de catalogação RPC
990 ## - Elementos KOHA
Tipo de documento Livro
Holdings
Aquisição Empréstimo Código de barras Cota Permissão de empréstimo Tipo de documento Nota relativa ao exemplar
Biblioteca Municipal de Redondo Biblioteca Municipal de Redondo 057387 821.161.1-94 KHR   Livro oferta de franklim Amaro Cabreirinha

Powered by Koha